书目信息 |
| 题名: |
德国新英式建筑
|
|
| 作者: | 詹纳, 著 ;皇甫伟 译 | |
| 分册: | ||
| 出版信息: | 大连 大连理工大学出版社 2003.06 |
|
| 页数: | 159页 | |
| 开本: | 31cm | |
| 丛书名: | ||
| 单 册: | ||
| 中图分类: | TU-881.516 | |
| 科图分类: | ||
| 主题词: | 建筑艺术--jian zhu yi shu--德国--图集 | |
| 电子资源: | ||
| ISBN: | 7-5611-2137-7 | |
| 000 | 00970nam0 2200253 450 | |
| 001 | 012006396250 | |
| 005 | 20061220144421.64 | |
| 010 | @a7-5611-2137-7@b精装@dCNY158.00 | |
| 100 | @a20061123d2003 km y0chiy0120 ea | |
| 101 | 1 | @achi@ceng |
| 102 | @aCN@b210000 | |
| 105 | @aa z 000yy | |
| 200 | 1 | @a德国新英式建筑@Ade guo xin ying shi jian zhu@d= New british architecture in Germany@f迈克尔·简纳著@Fmai ke er·jian na zhu@zeng |
| 210 | @a大连@c大连理工大学出版社@d2003.06 | |
| 215 | @a159页@c图 (部分彩图)@d31cm | |
| 314 | @a责任者规范汉译姓: 詹纳; CIP数据题: 皇甫伟译 | |
| 330 | @a英德两国建筑艺术的相互交融恰好反映了英国建筑的建筑作品和德国业间有不可分割的联系。 | |
| 510 | 1 | @aNew british architecture in Germany@zeng |
| 606 | 0 | @a建筑艺术@Ajian zhu yi shu@y德国@j图集 |
| 690 | @aTU-881.516@v4 | |
| 701 | 1 | @a詹纳,@Azhan na,@bM.@g(Jenner, Michael)@4著 |
| 702 | 0 | @a皇甫伟@Ahuang fu wei@4译 |
| 801 | 0 | @aCN@c20061220 |
| 905 | @a10447@dTU-881.516@eZ052 | |
| 德国新英式建筑= New british architecture in Germany/迈克尔·简纳著.-大连:大连理工大学出版社,2003.06 |
| 159页:图 (部分彩图);31cm |
| ISBN 7-5611-2137-7(精装):CNY158.00 |
| 英德两国建筑艺术的相互交融恰好反映了英国建筑的建筑作品和德国业间有不可分割的联系。 |
| ● |
| 相关链接 |
|
|
|
正题名:德国新英式建筑
索取号:TU-881.516/Z052
 
预约/预借
| 序号 | 登录号 | 条形码 | 馆藏地/架位号 | 状态 | 备注 |
| 1 | 228443 | 202284438 | 建筑与城市规划学院资料室/101建筑库 111排6列3层/ [索取号:TU-881.516/Z052] | 在馆 |